[Event "Recife PE22"]
[Site "Recife"]
[Date "2023.04.07"]
[Round "4"]
[White "Alves, Luiz Henrique De Ar"]
[Black "Souza, Rafael Cabral de"]
[Result "0-1"]
[WhiteElo "1708"]
[BlackElo "2075"]
[PlyCount "82"]
[EventDate "2023.04.05"]
[EventType "tourn"]
[EventRounds "9"]
[EventCountry "BRA"]
[SourceTitle "CBM 213 Extra"]
[Source "ChessBase"]
[SourceDate "2023.05.31"]
[SourceVersion "1"]
[SourceVersionDate "2023.05.31"]
[SourceQuality "1"]

1. Nf3 c5 2. c4 Nf6 3. g3 Nc6 4. Bg2 d5 5. cxd5 Nxd5 6. 0-0 e5 7. d3 Be7 8. Nc3 Be6 9. Nxd5 Bxd5 10. Be3 Rc8 11. Qa4 0-0 12. Rac1 b6 13. a3 Re8 14. Nd2 Qd7 15. Bxd5 Qxd5 16. Qc4 Qd7 17. Ne4 Rf8 18. Rfe1 Kh8 19. Nc3 f5 20. Nd5 Bd6 21. f4 Qe8 22. Bf2 exf4 23. Nxf4 Na5 24. Qd5 Bxf4 25. gxf4 Rd8 26. Qg2 Nb3 27. Rc3 Qb5 28. Kh1 Rf7 29. Rg1 Nd4 30. Bxd4 cxd4 31. Qg5 Qd5+ 32. e4 dxe3+ 33. Qg2 Rfd7 34. Qxd5 Rxd5 35. d4 e2 36. Re3 Rxd4 37. Rxe2 Rxf4 38. Re7 g6 39. Rxa7 Rf2 40. Rg2 Rd1+ 41. Rg1 Rdd2 0-1

[Event "Florianopolis op 9th"]
[Site "Florianopolis"]
[Date "2023.01.28"]
[Round "9"]
[White "Souza, Rafael Cabral de"]
[Black "Cominato Neto, Jose Luis"]
[Result "0-1"]
[WhiteElo "2096"]
[BlackElo "2260"]
[PlyCount "48"]
[EventDate "2023.01.23"]
[EventType "swiss"]
[EventRounds "10"]
[EventCountry "BRA"]
[SourceTitle "CBM 212 Extra"]
[Source "ChessBase"]
[SourceDate "2023.03.31"]
[SourceVersion "1"]
[SourceVersionDate "2023.03.31"]
[SourceQuality "1"]

1. c4 f5 2. g3 Nf6 3. Bg2 e5 4. Nc3 d6 5. d3 Be7 6. e3 0-0 7. Nge2 Qe8 8. d4 c6 9. c5 e4 10. cxd6 Bxd6 11. d5 c5 12. 0-0 Ng4 13. f3 exf3 14. Rxf3 a6 15. e4 c4 16. Qf1 Bc5+ 17. Kh1 Nd7 18. h3 Nde5 19. Rf4 g5 20. Rxf5 Bxf5 21. exf5 Nf2+ 22. Kh2 Qh5 23. Na4 Neg4+ 24. Kg1 Nxh3+ 0-1

[Event "Florianopolis op 9th"]
[Site "Florianopolis"]
[Date "2023.01.26"]
[Round "6"]
[White "Souza, Rafael Cabral de"]
[Black "Tomiello, Lucas Costamilan"]
[Result "0-1"]
[WhiteElo "2096"]
[BlackElo "2263"]
[PlyCount "118"]
[EventDate "2023.01.23"]
[EventType "swiss"]
[EventRounds "10"]
[EventCountry "BRA"]
[SourceTitle "CBM 212 Extra"]
[Source "ChessBase"]
[SourceDate "2023.03.31"]
[SourceVersion "1"]
[SourceVersionDate "2023.03.31"]
[SourceQuality "1"]

1. g3 e5 2. Bg2 Nf6 3. d3 d5 4. Nf3 Nc6 5. 0-0 Be7 6. c4 d4 7. b4 Nd7 8. b5 Ncb8 9. e3 dxe3 10. Bxe3 0-0 11. Nc3 Re8 12. d4 exd4 13. Nxd4 Ne5 14. Qe2 c6 15. bxc6 Nbxc6 16. Nd5 Bf8 17. Nb5 Bg4 18. f3 Be6 19. Rfd1 Bxd5 20. cxd5 Na5 21. Qf2 Nec4 22. Bd4 a6 23. Nc3 b5 24. f4 Rc8 25. Rac1 Nb7 26. Ne4 Nbd6 27. Nxd6 Bxd6 28. Re1 Bb4 29. Red1 Qd7 30. Kh1 Re7 31. Bf3 Rce8 32. a4 Nd6 33. Qb2 a5 34. axb5 Nf5 35. Bf2 Ne3 36. Rd3 Qxb5 37. Rxe3 Rxe3 38. Bxe3 Rxe3 39. Rc8+ Re8 40. Rxe8+ Qxe8 41. Qe5 Qc8 42. Be4 g6 43. Kg2 a4 44. Qd4 Qf8 45. d6 Qxd6 46. Qxd6 Bxd6 47. Bd5 Kf8 48. Kf3 Ke7 49. g4 a3 50. h4 h5 51. Ba2 f5 52. gxf5 gxf5 53. Ke3 Bc5+ 54. Ke2 Bd4 55. Bb3 Bf6 56. Kd2 Bxh4 57. Kc1 Bg3 58. Kb1 Bxf4 59. Bc2 Kf6 0-1

[Event "BRA-ch 88th"]
[Site "Recife"]
[Date "2022.12.23"]
[Round "11"]
[White "Do Nascimento, Christian Almeida"]
[Black "Souza, Rafael Cabral de"]
[Result "1-0"]
[WhiteElo "2087"]
[BlackElo "2078"]
[PlyCount "69"]
[EventDate "2022.12.15"]
[EventType "swiss"]
[EventRounds "11"]
[EventCountry "BRA"]
[SourceTitle "CBM 212 Extra"]
[Source "ChessBase"]
[SourceDate "2023.03.31"]
[SourceVersion "1"]
[SourceVersionDate "2023.03.31"]
[SourceQuality "1"]

1. d4 Nf6 2. Bg5 Ne4 3. Bf4 c5 4. f3 Qa5+ 5. c3 Nf6 6. d5 Qb6 7. Bc1 e6 8. e4 exd5 9. exd5 Bd6 10. c4 0-0 11. Bd3 Re8+ 12. Ne2 Bf8 13. Nbc3 d6 14. Bg5 Nbd7 15. Qc2 h6 16. h4 Be7 17. Bf4 Nh5 18. Bd2 Ne5 19. 0-0-0 Nf6 20. Rdf1 Nfd7 21. Nf4 Qd8 22. Be1 a6 23. g4 Nxd3+ 24. Nxd3 b5 25. Ne4 bxc4 26. Nf4 Ne5 27. g5 Nd3+ 28. Nxd3 cxd3 29. Qxd3 hxg5 30. hxg5 Bxg5+ 31. Bd2 Bxd2+ 32. Qxd2 f6 33. Qh2 Kf8 34. Rfg1 Kf7 35. Qh5+ 1-0

[Event "BRA-ch 88th"]
[Site "Recife"]
[Date "2022.12.22"]
[Round "10"]
[White "Souza, Rafael Cabral de"]
[Black "Aranha Filho, Alvaro Zimmermann"]
[Result "1-0"]
[WhiteElo "2078"]
[BlackElo "2196"]
[PlyCount "83"]
[EventDate "2022.12.15"]
[EventType "swiss"]
[EventRounds "11"]
[EventCountry "BRA"]
[SourceTitle "CBM 212 Extra"]
[Source "ChessBase"]
[SourceDate "2023.03.31"]
[SourceVersion "1"]
[SourceVersionDate "2023.03.31"]
[SourceQuality "1"]

1. Nf3 d5 2. g3 Nc6 3. d4 Bf5 4. Bg2 Nb4 5. Na3 e6 6. Nh4 Be4 7. f3 Bg6 8. c3 Nc6 9. b4 Be7 10. Nxg6 hxg6 11. e4 Nf6 12. 0-0 a6 13. Bf4 Nh5 14. Be3 Nf6 15. Bf4 Nh5 16. Be3 Nf6 17. Nc2 Nd7 18. f4 dxe4 19. Bxe4 Nf6 20. Bg2 Nd5 21. Bd2 Qd7 22. a4 0-0 23. Qe2 f5 24. Ne1 Bf6 25. Nd3 b6 26. Kh1 Rad8 27. a5 Nb8 28. g4 fxg4 29. Qxg4 Ne7 30. Ne5 Bxe5 31. fxe5 bxa5 32. bxa5 Nbc6 33. Bg5 Rxf1+ 34. Rxf1 Rf8 35. Qe2 Nxa5 36. Bxe7 Qxe7 37. Qxa6 Rxf1+ 38. Bxf1 Qf7 39. Kg1 Nb3 40. Bc4 Qf4 41. Qxe6+ Kh7 42. Qh3+ 1-0

[Event "Natal zt 2.4"]
[Site "Natal"]
[Date "2022.10.04"]
[Round "3"]
[White "Souza, Rafael Cabral de"]
[Black "Carrasco Jacome, Bryan Ricardo"]
[Result "1/2-1/2"]
[WhiteElo "2074"]
[BlackElo "2125"]
[PlyCount "40"]
[EventDate "2022.10.03"]
[EventType "swiss"]
[EventRounds "9"]
[EventCountry "BRA"]
[SourceTitle "EXT 2024"]
[Source "ChessBase"]
[SourceDate "2023.10.10"]
[SourceVersion "1"]
[SourceVersionDate "2023.10.10"]
[SourceQuality "1"]

1. e4 c5 2. Nf3 Nc6 3. Nc3 d6 4. d4 cxd4 5. Nxd4 Nf6 6. g3 e5 7. Nde2 Be7 8. Bg2 h6 9. 0-0 a6 10. h3 b5 11. Be3 Bb7 12. Qd2 Qc7 13. a4 b4 14. Nd5 Nxd5 15. exd5 Nd8 16. a5 Bg5 17. Bxg5 hxg5 18. Qxg5 f6 19. Qd2 Bc8 20. g4 Rb8 1/2-1/2

[Event "Teresina Nordeste Cup"]
[Site "Teresina"]
[Date "2022.07.24"]
[Round "6"]
[White "Vieira, Jeziel Do Vale"]
[Black "Souza, Rafael Cabral de"]
[Result "1-0"]
[WhiteElo "1829"]
[BlackElo "2079"]
[PlyCount "149"]
[EventDate "2022.07.22"]
[EventType "swiss"]
[EventRounds "6"]
[EventCountry "BRA"]
[SourceTitle "CBM 209 Extra"]
[Source "ChessBase"]
[SourceDate "2022.09.30"]
[SourceVersion "1"]
[SourceVersionDate "2022.09.30"]
[SourceQuality "1"]

1. d4 g6 2. c4 d6 3. Nc3 c6 4. Nf3 a6 5. a4 a5 6. e4 Na6 7. Be2 Bg7 8. 0-0 Nf6 9. Bf4 Nd7 10. Qd2 h6 11. Rad1 g5 12. Bg3 0-0 13. h4 g4 14. Ne1 Nf6 15. Bf4 h5 16. Bh6 Nh7 17. g3 Qe8 18. Bxg7 Kxg7 19. e5 dxe5 20. dxe5 Nc5 21. Nd3 Nxd3 22. Bxd3 Be6 23. Qf4 Rd8 24. Bxh7 Kxh7 25. Rxd8 Qxd8 26. Qg5 Qd4 27. Qxh5+ Kg7 28. Qg5+ Kh7 29. Qxe7 Rg8 30. Re1 Qd2 31. Rd1 Qxb2 32. Ne4 Qe2 33. Nf6+ Kg7 34. Rd6 Qxe5 35. Nxg8 Kxg8 36. Rd8+ Kh7 37. Qe8 Qg7 38. Qe7 Qa1+ 39. Kh2 Qe5 40. Qxb7 Qf6 41. Rd2 Bxc4 42. Qb1+ Kg8 43. Qe4 Bd5 44. Qxg4+ Kf8 45. Qd4 Qf3 46. Qc5+ Kg8 47. Rxd5 cxd5 48. Qe3 Qd1 49. Qe8+ Kg7 50. Qe5+ Kg8 51. Qg5+ Kh7 52. Qf5+ Kg8 53. h5 Qd2 54. Qf6 Qd3 55. Qd8+ Kg7 56. Qxa5 Qf5 57. Qc3+ f6 58. g4 Qf4+ 59. Qg3 Qxa4 60. g5 Qd1 61. Qc7+ Kf8 62. Qd8+ Kf7 63. Qxf6+ Ke8 64. Qg6+ Ke7 65. h6 Qf3 66. Qg7+ Ke6 67. Qd4 Qh5+ 68. Kg3 Qh1 69. Qf6+ Kd7 70. Qf5+ Ke7 71. h7 Qg1+ 72. Kh3 Qh1+ 73. Kg4 Qg2+ 74. Kh5 Qh2+ 75. Kg6 1-0

[Event "Pernambuco Magistral Masters"]
[Site "Recife"]
[Date "2021.10.09"]
[Round "1"]
[White "Urquiza, Marcello de Albuque"]
[Black "Souza, Rafael Cabral de"]
[Result "1-0"]
[WhiteElo "2093"]
[BlackElo "2162"]
[PlyCount "155"]
[EventDate "2021.10.09"]
[EventType "tourn"]
[EventRounds "7"]
[EventCountry "BRA"]
[SourceTitle "EXT 2023"]
[Source "ChessBase"]
[SourceDate "2022.10.05"]
[SourceVersion "1"]
[SourceVersionDate "2022.10.05"]
[SourceQuality "1"]

1. e4 c5 2. Nf3 g6 3. d4 Bg7 4. Nc3 cxd4 5. Nxd4 Nc6 6. Be3 Nf6 7. Nb3 Rb8 8. f3 a6 9. Qd2 b5 10. Bh6 Bxh6 11. Qxh6 Ne5 12. Nd5 Nc4 13. 0-0-0 Nxd5 14. Qg7 Rf8 15. Rxd5 e6 16. Rd3 Bb7 17. Kb1 Qc7 18. Be2 Rc8 19. c3 d5 20. exd5 Bxd5 21. Re1 Qe5 22. Qxe5 Nxe5 23. Rxd5 exd5 24. Bd1 f6 25. f4 Kf7 26. fxe5 Rce8 27. Bf3 Rxe5 28. Rxe5 fxe5 29. Bxd5+ Ke7 30. Bf3 g5 31. h3 Rf4 32. Nd2 h5 33. Kc2 g4 34. hxg4 hxg4 35. Be4 a5 36. Kd3 Kd6 37. a4 bxa4 38. Nc4+ Kc5 39. Nxa5 Rf2 40. Nc4 Kb5 41. Nd2 Kc5 42. Ke3 Rf8 43. Bc2 Kb5 44. Bd3+ Kc5 45. Ne4+ Kb6 46. Bc2 Kb5 47. Nd6+ Kc5 48. Ne4+ Kb5 49. Nf2 g3 50. Ne4 Rg8 51. Nd2 Rf8 52. Nf3 a3 53. bxa3 Kc4 54. Nxe5+ Kxc3 55. Be4 Kb3 56. Ng6 Rf6 57. Nf4 Kxa3 58. Kf3 Kb3 59. Kxg3 Kc4 60. Bg6 Kd4 61. Kg4 Ra6 62. Kg5 Ra5+ 63. Bf5 Ra8 64. g4 Ke5 65. Ng2 Kd6 66. Kf6 Rb8 67. g5 Ra8 68. Nf4 Rf8+ 69. Kg6 Rg8+ 70. Kh6 Rf8 71. Kg6 Rg8+ 72. Kh5 Rf8 73. Kg4 Rg8 74. g6 Ke5 75. Nh5 Rb8 76. g7 Rg8 77. Bh7 Rxg7+ 78. Nxg7 1-0

[Event "Pernambuco-ch 2020"]
[Site "Recife"]
[Date "2021.08.22"]
[Round "5.1"]
[White "Bouwman, Marcelo Wanderley"]
[Black "Souza, Rafael Cabral de"]
[Result "0-1"]
[WhiteElo "2179"]
[BlackElo "2132"]
[PlyCount "54"]
[EventDate "2021.08.20"]
[EventType "swiss"]
[EventRounds "6"]
[EventCountry "BRA"]
[SourceTitle "EXT 2023"]
[Source "ChessBase"]
[SourceDate "2022.10.05"]
[SourceVersion "1"]
[SourceVersionDate "2022.10.05"]
[SourceQuality "1"]

1. e4 d6 2. d4 Nf6 3. Nc3 g6 4. f4 Bg7 5. Nf3 0-0 6. Be3 c5 7. d5 b5 8. e5 Ng4 9. Bg1 b4 10. Ne4 dxe5 11. h3 Nf6 12. Nxf6+ exf6 13. Bxc5 Re8 14. Be2 Qa5 15. Bf2 e4 16. Nh2 Bb7 17. 0-0 Bxd5 18. a3 Bb7 19. axb4 Qxb4 20. c3 Qe7 21. Rxa7 e3 22. Rxa8 exf2+ 23. Rxf2 Bxa8 24. Qa4 Bc6 25. Qa5 f5 26. Bc4 Qe1+ 27. Nf1 Bd4 0-1

[Event "Florianopolis op 7th"]
[Site "Florianopolis"]
[Date "2021.01.19"]
[Round "3"]
[White "Silva, Janderson Rossi Da"]
[Black "Souza, Rafael Cabral de"]
[Result "0-1"]
[WhiteElo "1862"]
[BlackElo "2122"]
[PlyCount "42"]
[EventDate "2021.01.18"]
[EventType "swiss"]
[EventRounds "10"]
[EventCountry "BRA"]
[SourceTitle "CBM 200 Extra"]
[Source "ChessBase"]
[SourceDate "2021.03.31"]
[SourceVersion "1"]
[SourceVersionDate "2021.03.31"]
[SourceQuality "1"]

1. e4 c5 2. Nf3 Nc6 3. d4 cxd4 4. Nxd4 g6 5. Nc3 Bg7 6. Be3 Nf6 7. Bc4 Qa5 8. 0-0 0-0 9. Bb3 d6 10. Nd5 Nxd5 11. exd5 Ne5 12. c3 Ng4 13. Bg5 e5 14. Ne6 fxe6 15. dxe6 d5 16. Bxd5 Nf6 17. Bxf6 Rxf6 18. e7+ Be6 19. Bxe6+ Rxe6 20. Qd7 Qb6 21. Rad1 Bf6 0-1

[Event "Sao Paulo Carnaval op"]
[Site "Sao Paulo"]
[Date "2020.02.23"]
[Round "3"]
[White "Tsuboi, Edson Kenji"]
[Black "Souza, Rafael Cabral de"]
[Result "1/2-1/2"]
[WhiteElo "2209"]
[BlackElo "2122"]
[PlyCount "79"]
[EventDate "2020.02.22"]
[EventType "swiss"]
[EventRounds "7"]
[EventCountry "BRA"]
[SourceTitle "CBM 195 Extra"]
[Source "ChessBase"]
[SourceDate "2020.05.31"]
[SourceVersion "1"]
[SourceVersionDate "2020.05.31"]
[SourceQuality "1"]

1. c4 Nf6 2. g3 c5 3. Bg2 g6 4. Nc3 Nc6 5. Nf3 Bg7 6. d4 cxd4 7. Nxd4 0-0 8. 0-0 Ng4 9. e3 d6 10. b3 a6 11. Bb2 Bd7 12. Nd5 h5 13. Rc1 e6 14. Nxc6 Bxc6 15. Bxg7 Kxg7 16. Qd4+ Kg8 17. Nc3 Qe7 18. Ne4 Bxe4 19. Bxe4 Rac8 20. Bg2 Rfd8 21. h3 Nf6 22. Rfd1 Rd7 23. Rc3 Qd8 24. Bf3 Qe7 25. Qd2 Rcd8 26. Rd3 d5 27. cxd5 Nxd5 28. Qc1 Nb6 29. Rxd7 Rxd7 30. Rxd7 Qxd7 31. Qc5 Nd5 32. Kg2 b6 33. Qd4 Qb5 34. Be4 a5 35. h4 Kf8 36. Bd3 Qc6 37. Be4 Qb5 38. Bd3 Qc6 39. Be4 Qb5 40. Qd3 1/2-1/2